[Event "26th Pula Open"]
[Site "Pula CRO"]
[Date "2012.06.09"]
[Round "1.9"]
[White "Osmanovic,F"]
[Black "Fercec,N"]
[Result "0-1"]
[WhiteElo "2008"]
[BlackElo "2460"]

1.e4 c5 2.Nf3 d6 3.d4 cxd4 4.Nxd4 Nf6 5.Nc3 a6 6.Be3 e5 7.Nb3 Be7 8.h3 h5
9.Qf3 Be6 10.O-O-O Nbd7 11.Kb1 Rc8 12.Nd5 Bxd5 13.exd5 Qc7 14.Qe2 a5 15.a4 b5
16.axb5 O-O 17.c4 a4 18.Nd2 a3 19.b4 Nxd5 20.Ne4 Nxb4 21.Nc3 a2+ 22.Nxa2 Nxa2
23.Qxa2 Ra8 24.Qb3 Nc5 25.Bxc5 Qxc5 26.Qb2 Bf6 27.Rd5 Qb6 28.Qd2 e4 29.Qe3 Ra1+
30.Kc2 Qa5 31.Qb3 Qe1 32.Bd3 Qxf2+ 33.Be2 Rxh1 34.b6 Qxe2+ 35.Rd2 Qe1 36.Qa2 e3
37.Rxd6 Qc3+  0-1

[Event "OKU Open GpA 2012"]
[Site "Utrecht NED"]
[Date "2012.06.09"]
[Round "2.5"]
[White "Van Osch,Mees"]
[Black "Goudriaan,E"]
[Result "0-1"]
[WhiteElo "2029"]
[BlackElo "2321"]

1.e4 c5 2.Nf3 d6 3.d4 cxd4 4.Nxd4 Nf6 5.Nc3 a6 6.Be3 e5 7.Nb3 Be6 8.Qd2 Nbd7
9.O-O-O Be7 10.f4 exf4 11.Bxf4 Ne5 12.Nd4 O-O 13.Nf5 Bxf5 14.exf5 Qc8 15.Bd3 Re8
16.h3 Bd8 17.Ne2 Qc5 18.Kb1 Ba5 19.Qe3 Nxd3 20.Qxd3 Qf2 21.Bd2 Bxd2 22.Rxd2 Ne4
23.Rdd1 Nc5 24.Qxd6 Rxe2 25.Rhf1 Qe3 26.f6 Qe5  0-1

[Event "OKU Open GpA 2012"]
[Site "Utrecht NED"]
[Date "2012.06.09"]
[Round "2.4"]
[White "Guliyev,N"]
[Black "Goes,S"]
[Result "1-0"]
[WhiteElo "2522"]
[BlackElo "2147"]

1.e4 c5 2.Nf3 d6 3.d4 cxd4 4.Nxd4 Nf6 5.Nc3 a6 6.Be3 e5 7.Nf3 Be7 8.Bc4 O-O
9.O-O Be6 10.Bb3 Nc6 11.Bg5 Nd7 12.Bxe7 Qxe7 13.Nd5 Qd8 14.Qe2 Na5 15.Rfd1 Rc8
16.Rd2 Nxb3 17.axb3 Bxd5 18.Rxd5 Qc7 19.c3 Nf6 20.Rda5 Rfd8 21.b4 Qc6 22.Re1 h6
23.h3 Kf8 24.Qe3 Rc7 25.Nh4 Rcd7 26.Nf5 d5 27.Qg3 Nh5 28.Qxe5 Re8 29.Qxe8+ Kxe8
30.exd5+  1-0

[Event "OKU Open GpA 2012"]
[Site "Utrecht NED"]
[Date "2012.06.09"]
[Round "3.4"]
[White "Dijkhuis,Tycho"]
[Black "Zwirs,Nico"]
[Result "0-1"]
[WhiteElo "1968"]
[BlackElo "2183"]

1.e4 c5 2.Nf3 d6 3.d4 cxd4 4.Nxd4 Nf6 5.Nc3 a6 6.Be3 e5 7.Nb3 Be6 8.Qd2 Be7
9.f3 Nbd7 10.O-O-O O-O 11.g4 b5 12.g5 b4 13.Ne2 Ne8 14.f4 a5 15.f5 a4 16.Nbd4 exd4
17.Nxd4 b3 18.Kb1 bxc2+ 19.Nxc2 Bb3 20.axb3 axb3 21.Na3 Ne5 22.h4 Ra4 23.Rh3 Qa8
24.Qd5 Qb8 25.Qb5 Qa8 26.Qd5 Qc8 27.Rc1 Qb8 28.Qb5 Qa8 29.Qd5 Rxa3 30.bxa3 Qxa3
31.Qd2 Qa8 32.Bd4 Qxe4+ 33.Kb2 Nf3 34.Rxf3 Qxf3 35.Qd3 Qf4 36.Re1 Bd8 37.Re4 Qh2+
38.Qe2 Qxe2+ 39.Bxe2 h6 40.gxh6 gxh6 41.Rg4+ Kh7 42.Bd3 Bf6 43.Bxf6 Nxf6
44.Rd4 d5 45.Kxb3 Rc8 46.Be2 Re8 47.Bb5 Re3+ 48.Rd3 Re4 49.Rh3 Kg7 50.Bd3 Rg4
51.Be2 Rf4 52.Bd3 Nd7 53.Kc3 Kf6 54.Kd2 Ne5 55.Bb1 Rxh4 56.Ra3 Nc4+  0-1

[Event "OKU Open GpA 2012"]
[Site "Utrecht NED"]
[Date "2012.06.10"]
[Round "6.4"]
[White "Van Kampen,R"]
[Black "Zwirs,Nico"]
[Result "1-0"]
[WhiteElo "2563"]
[BlackElo "2183"]

1.e4 c5 2.Nf3 d6 3.d4 cxd4 4.Nxd4 Nf6 5.Nc3 a6 6.Be3 e6 7.g4 e5 8.Nf5 g6
9.Bg2 gxf5 10.exf5 Rg8 11.g5 Nc6 12.gxf6 Rxg2 13.Qf3 Rg8 14.O-O-O Qxf6 15.Nd5 Qxf5
16.Nf6+ Qxf6 17.Qxf6 Be7 18.Qh6 Bf5 19.Rhg1 Kd7 20.Qh5 Bg6 21.Qh3+ Kc7 22.f4 f5
23.Bf2 Rac8 24.fxe5 dxe5 25.Qb3 Rg7 26.Kb1 Bf8 27.Rg3 Kb8 28.Rc3 f4 29.a3 e4
30.Bd4 Rgc7 31.Bb6 Rg7 32.Bd4 Rgc7 33.Bb6 Rf7 34.Qe6 Be7 35.Rxc6 Rxc6 36.Qe5+ Ka8
37.Qh8+  1-0

[Event "26th Pula Open"]
[Site "Pula CRO"]
[Date "2012.06.12"]
[Round "5.6"]
[White "Brinck Claussen,B"]
[Black "Fercec,N"]
[Result "0-1"]
[WhiteElo "2286"]
[BlackElo "2460"]

1.e4 c5 2.Nf3 d6 3.d4 cxd4 4.Nxd4 Nf6 5.Nc3 a6 6.Be3 e5 7.Nb3 Be7 8.f3 Be6
9.Qd2 O-O 10.O-O-O a5 11.Bb5 Na6 12.Qe2 Qb8 13.Bg5 a4 14.Bxf6 Bxf6 15.Bxa4 Rc8
16.Kb1 Bc4 17.Qd2 b5 18.Bxb5 Bxb5 19.Qxd6 Nc7 20.Qb4 Qa7 21.a3 Rab8 22.Qc5 Qa8
23.Nxb5 Nxb5 24.Qd5 Qa4  0-1

[Event "16th Voronezh Master Open"]
[Site "Voronezh RUS"]
[Date "2012.06.14"]
[Round "3.42"]
[White "Travkina,A"]
[Black "Cherepanov,V"]
[Result "1-0"]
[WhiteElo "2161"]
[BlackElo "2285"]

1.e4 c5 2.Nf3 d6 3.d4 cxd4 4.Nxd4 Nf6 5.Nc3 a6 6.Be3 e6 7.a4 Nc6 8.Be2 Be7
9.O-O O-O 10.Kh1 Qc7 11.f4 Re8 12.Bd3 Bd7 13.Nf3 b6 14.Qe1 Nb4 15.Qg3 Nxd3
16.cxd3 Qb7 17.Nd4 b5 18.a5 b4 19.Nd1 Rac8 20.Nf2 Bf8 21.e5 Nd5 22.Ng4 Kh8
23.Bg1 f5 24.exf6 gxf6 25.Qh4 Be7 26.Nh6 Rf8 27.f5 e5 28.Ne6 Bxe6 29.fxe6 Nf4
30.Rxf4 exf4 31.Qxf4 Rc2 32.Qg4 Bd8 33.Nf7+ Rxf7 34.exf7 Qxf7 35.Qxb4 Qd5
36.Qg4 Rxb2 37.Rc1 Rb8 38.Bb6 Qxd3 39.Qe6 Bxb6 40.Qxf6+ Kg8 41.axb6 Qe3 42.Rb1 Qe5
43.Qf1 Qe4 44.Rb3 Qe6 45.Rg3+ Kh8 46.h3 Qe5 47.Rg4 Re8 48.Qxa6 Qe1+ 49.Kh2 Qe5+
50.Rg3 h5 51.Qc4 Kh7 52.b7 d5 53.Qc2+  1-0

[Event "16th Voronezh Master Open"]
[Site "Voronezh RUS"]
[Date "2012.06.15"]
[Round "4.11"]
[White "Ponkratov,P"]
[Black "Antipov,M2"]
[Result "1-0"]
[WhiteElo "2590"]
[BlackElo "2433"]

1.e4 c5 2.Nf3 d6 3.d4 cxd4 4.Nxd4 Nf6 5.Nc3 a6 6.Be3 e5 7.Nf3 Qc7 8.a4 Be7
9.a5 Nbd7 10.Nd2 b5 11.axb6 Nxb6 12.Bxb6 Qxb6 13.Bb5+ Kf8 14.Ra2 Bb7 15.Bc4 g6
16.O-O Kg7 17.Qe2 a5 18.Rfa1 Bc6 19.Bb3 Bd8 20.Qd3 Qc5 21.Qc4 Qxc4 22.Nxc4 Nxe4
23.Nxe4 Bxe4 24.Nxd6 Bc6 25.Nxf7 Re8 26.Nxd8 Rexd8 27.h3 h5 28.Rxa5 Rxa5
29.Rxa5 Rd1+ 30.Kh2 Rd2 31.Kg3 h4+ 32.Kxh4 Rxf2 33.g4 e4 34.Kg5 e3 35.Re5 e2
36.Bc4 Bf3 37.Re7+ Kf8 38.Re3 Kg7 39.Bd3 Rh2 40.Kf4  1-0

[Event "5th Karen Asrian Memorial"]
[Site "Jermuk ARM"]
[Date "2012.06.17"]
[Round "2.11"]
[White "Gharagyozian,A"]
[Black "Gabuzyan,H"]
[Result "1/2-1/2"]
[WhiteElo "2267"]
[BlackElo "2457"]

1.e4 c5 2.Nf3 d6 3.d4 cxd4 4.Nxd4 Nf6 5.Nc3 a6 6.Be3 e5 7.Nb3 Be7 8.Be2 O-O
9.g4 Be6 10.g5 Ne8 11.Qd2 Nc6 12.O-O-O a5 13.a4 Rc8 14.Kb1 Nb4 15.f4 exf4
16.Bxf4 Nc7 17.Nxa5 Ra8 18.Nxb7 Qb8 19.Nxd6 Rd8 20.Qe3 Nxc2 21.Kxc2 Qb3+
22.Kc1 Rdb8 23.Bb5 Nxb5 24.Ndxb5 Rxb5 25.Nxb5 Rc8+ 26.Nc3 Ba3 27.Kd2 Qxb2+
28.Ke1 Bb4 29.Be5 Bg4 30.Qd2 Qb3 31.Rc1 Qe6 32.Qd5 Qb6 33.Bd4 Rxc3 34.Bxb6 Rc2+
35.Kf1 Bh3+ 36.Kg1 Rg2+ 37.Kf1 Rc2+  1/2-1/2

[Event "Teplice Open 2012"]
[Site "Teplice CZE"]
[Date "2012.06.21"]
[Round "6.4"]
[White "Boros,De"]
[Black "Carstensen,J"]
[Result "1-0"]
[WhiteElo "2475"]
[BlackElo "2305"]

1.e4 c5 2.Nf3 d6 3.d4 Nf6 4.Nc3 cxd4 5.Nxd4 a6 6.Be3 e5 7.Nb3 Be6 8.h3 Nbd7
9.g4 h6 10.Qd2 Nb6 11.O-O-O Qc7 12.f4 Nfd7 13.Kb1 O-O-O 14.f5 Bc4 15.Qf2 Bxf1
16.Rhxf1 Be7 17.h4 Kb8 18.g5 hxg5 19.hxg5 Rc8 20.Rh1 Rxh1 21.Rxh1 Qd8 22.Rg1 Nc4
23.Nd5 Nc5 24.Bxc5 dxc5 25.f6 gxf6 26.gxf6 Bf8 27.Qg3 Qe8 28.Rh1 Qe6 29.Qd3 Nd6
30.c4 Qg4 31.Re1 Qh4 32.Re2 Qh1+ 33.Kc2 Qf1 34.Nd2 Qh1 35.Qg3 Re8 36.Nb6 Qh6
37.Rh2 Qg6 38.Qxg6 fxg6 39.Rh7 g5 40.Nd7+ Kc8 41.f7 Kxd7 42.fxe8=Q+ Kxe8
43.Kd3 Nf7 44.Nf1 Ke7 45.Ne3 Kf6 46.Ng4+ Kg6 47.Rh3 Bg7 48.Rf3 Nd8 49.Kd2 Nc6
50.Rb3 Na5 51.Rb6+ Kh5 52.Ne3 g4 53.Ke2 Kg5 54.a3 Bf8 55.Kf2 Be7 56.Kg3 Kh5
57.b4 cxb4 58.axb4 Nc6 59.Rxb7 Bxb4 60.Rb6 Be1+ 61.Kg2 Nd4 62.c5 a5 63.Nf5 a4
64.Nxd4 exd4 65.c6  1-0

[Event "5th Karen Asrian Memorial"]
[Site "Jermuk ARM"]
[Date "2012.06.22"]
[Round "7.12"]
[White "Petrosian,DG"]
[Black "Oparin,G"]
[Result "1/2-1/2"]
[WhiteElo "2460"]
[BlackElo "2494"]

1.e4 c5 2.Nf3 d6 3.Nc3 Nf6 4.d4 cxd4 5.Nxd4 a6 6.Be3 e5 7.Nf3 Be7 8.Bc4 O-O
9.O-O Qc7 10.Bb3 Be6 11.Bg5 Nbd7 12.Re1 Rac8 13.h3 b5 14.Re2 Qb7 15.Qe1 b4
16.Nd1 Nc5 17.Bxf6 Bxf6 18.Ne3 Nxe4 19.Rd1 Rc5 20.Ng4 Bxb3 21.cxb3 d5 22.Nfxe5 Bxe5
23.Nxe5 a5 24.f3 Nf6 25.Qf2 Qc7 26.Nd3 Rc6 27.Rde1 h6 28.Re7 Qd6 29.Qd4 Rc2
30.R1e2 Rfc8 31.R7e3 Qg3 32.Qe5 Rxe2 33.Rxe2 Qxe5 34.Nxe5 Rc1+ 35.Kf2 Ra1
36.Nd3 Rxa2 37.Re1 a4 38.bxa4 Rxa4 39.b3 Ra3 40.Rb1 Ra2+ 41.Rb2 Rxb2+ 42.Nxb2 Nd7
43.Nd3 d4 44.Ke2 Kf8 45.Kd2  1/2-1/2

[Event "HSG Open A 2012"]
[Site "Hilversum NED"]
[Date "2012.06.23"]
[Round "4.1"]
[White "Visser,HJ"]
[Black "Guliyev,N"]
[Result "0-1"]
[WhiteElo "2234"]
[BlackElo "2522"]

1.e4 c5 2.Nf3 d6 3.d4 cxd4 4.Nxd4 Nf6 5.Nc3 a6 6.Be3 e6 7.g4 h6 8.Bg2 Bd7
9.h3 Nc6 10.Qe2 Rc8 11.f4 b5 12.Qf2 Nxd4 13.Bxd4 b4 14.Bb6 Qe7 15.Ne2 Bc6
16.Ng3 Qb7 17.O-O-O Nxe4 18.Nxe4 Bxe4 19.Bxe4 Qxe4 20.Rhe1 Qc4 21.b3 Qc3
22.Bd4 Qc7 23.Kb1 Rg8 24.f5 e5 25.Bb2 Be7 26.Rd5 f6 27.Red1 Kf7 28.Bc1 Qb7
29.Be3 Rc3 30.Qd2 Rgc8 31.h4 Qc6 32.g5 hxg5 33.hxg5 fxg5 34.Qe2 Rxc2 35.Qh5+ Kg8
36.Rh1 Qxd5  0-1

[Event "HSG Open A 2012"]
[Site "Hilversum NED"]
[Date "2012.06.24"]
[Round "5.3"]
[White "Van Kampen,R"]
[Black "Visser,HJ"]
[Result "1-0"]
[WhiteElo "2563"]
[BlackElo "2234"]

1.e4 c5 2.Nf3 d6 3.d4 cxd4 4.Nxd4 Nf6 5.Nc3 a6 6.Be3 e5 7.Nf3 Be7 8.Bc4 O-O
9.O-O Nc6 10.Re1 b5 11.Bb3 Na5 12.Bg5 Nxb3 13.axb3 Bb7 14.Bxf6 Bxf6 15.Nd5 g6
16.Qd3 Bg7 17.Rad1 f5 18.c4 Kh8 19.h4 Bc8 20.Ne3 fxe4 21.Qxe4 Rb8 22.c5 Bb7
23.c6 Ba8 24.Ng5 Qe7 25.Qd5 Rbd8 26.Re2 Bf6 27.Ra1 Bxg5 28.hxg5 Qa7 29.Rd2 Qb6
30.Rc1 Qc7 31.Ng4 Rf5 32.Nh6 Rff8 33.Ng4 Rf5 34.Nf6 Rxg5 35.Ne4 Rh5 36.Nxd6 Rf8
37.Qe6 Qg7 38.c7 Rh1+ 39.Kxh1 Qh6+ 40.Kg1 Qg5  1-0

[Event "5th Karen Asrian Memorial"]
[Site "Jermuk ARM"]
[Date "2012.06.24"]
[Round "9.4"]
[White "Petrosian,DG"]
[Black "Andriasian,Z"]
[Result "0-1"]
[WhiteElo "2460"]
[BlackElo "2615"]

1.e4 c5 2.Nf3 d6 3.Nc3 Nf6 4.d4 cxd4 5.Nxd4 a6 6.Be3 Ng4 7.Bg5 h6 8.Bh4 g5
9.Bg3 Bg7 10.h3 Ne5 11.Nf5 Bxf5 12.exf5 Nbd7 13.Be2 Rc8 14.Nd5 Nb6 15.Ne3 Nbc4
16.Nxc4 Nxc4 17.Bxc4 Rxc4 18.O-O Bxb2 19.Rb1 Bf6 20.Rxb7 Qc8 21.Qd3 O-O 22.Rb8 Qc5
23.Rxf8+ Kxf8 24.Rb1 Rc3 25.Qxa6 Rxg3  0-1

[Event "40th TCh-GRE 2012"]
[Site "Achaea GRE"]
[Date "2012.06.30"]
[Round "1.3"]
[White "Kokossis,D"]
[Black "Sfetsou,Christina"]
[Result "1-0"]
[WhiteElo "1721"]
[BlackElo "1300"]

1.e4 c5 2.Nf3 d6 3.d4 cxd4 4.Nxd4 Nf6 5.Nc3 a6 6.Be3 e5 7.Nf3 Be7 8.Bc4 h6
9.O-O O-O 10.Qd3 Be6 11.Bxe6 fxe6 12.Na4 Nbd7 13.Qb3 Nxe4 14.Qxe6+ Kh8 15.Qd5 Nec5
16.Nxc5 Nxc5 17.Bxc5 dxc5 18.Qxd8 Raxd8 19.Nxe5 Bf6 20.Ng6+  1-0

[Event "XXI Adolf Anderssen Mem Prelim"]
[Site "Wroclaw POL"]
[Date "2012.06.30"]
[Round "2"]
[White "Iwanow,A"]
[Black "Malisauskas,V"]
[Result "0-1"]
[WhiteElo "2184"]
[BlackElo "2457"]

1.e4 c5 2.Nf3 d6 3.d4 cxd4 4.Nxd4 Nf6 5.Nc3 a6 6.Be3 Ng4 7.Bc1 Nf6 8.Be3 Ng4
9.Bc1 Nc6 10.Nxc6 bxc6 11.Be2 Nf6 12.Be3 e5 13.Qd3 Be7 14.Qc4 O-O 15.Qxc6 Rb8
16.Rb1 Bb7 17.Qa4 d5 18.exd5 Nxd5 19.Nxd5 Qxd5 20.Bf3 e4 21.Be2 Bc6 22.Qc4 Bb4+
23.c3 Qxc4 24.Bxc4 Bxc3+ 25.Ke2 Bxb2 26.Bxa6 Bd5 27.a4 Ba2 28.Rbe1 Bc3 29.Rc1 Rb2+
30.Kf1 Bd2 31.Bxd2 Rxd2 32.Be2 Rb8 33.h4 Be6 34.Bb5 Rbd8 35.Re1 Ra2 36.g3 Bg4
37.Rxe4 Bf3  0-1

[Event "40th TCh-GRE 2012"]
[Site "Achaea GRE"]
[Date "2012.07.01"]
[Round "3.1"]
[White "Pavlidis,Ant"]
[Black "Georgiadis,I"]
[Result "1/2-1/2"]
[WhiteElo "2446"]
[BlackElo "2434"]

1.e4 c5 2.Nf3 d6 3.d4 cxd4 4.Nxd4 Nf6 5.Nc3 a6 6.Be3 e5 7.Nb3 Be6 8.Qd2 Nbd7
9.f4 Rc8 10.f5 Bc4 11.Bxc4 Rxc4 12.Qd3 Rc8 13.O-O-O Qc7 14.Kb1 b5 15.a3 Be7
16.h3 h6 17.g4 Qc4 18.Na5 Qc7 19.Nb3 Qc4 20.Rhg1 b4 21.axb4 Qxb4 22.Qxa6 O-O
23.g5 hxg5 24.Bxg5 Rfe8 25.Qd3 Rxc3 26.bxc3 Qa4 27.Bh6 Bf8 28.Bxg7 Bxg7 29.Qg3 Nh5
30.Qg5 Rb8 31.Qxh5 Rxb3+ 32.cxb3 Qxb3+ 33.Ka1 Qa3+ 34.Kb1 Qb3+ 35.Ka1 Qxc3+
36.Kb1 Qb3+ 37.Ka1 Qa3+  1/2-1/2

[Event "40th TCh-GRE 2012"]
[Site "Achaea GRE"]
[Date "2012.07.01"]
[Round "3.1"]
[White "Serefidou,D"]
[Black "Drakaki,A"]
[Result "1/2-1/2"]
[WhiteElo "1856"]
[BlackElo "1836"]

1.e4 c5 2.Nf3 d6 3.d4 cxd4 4.Nxd4 Nf6 5.Nc3 a6 6.Be3 e5 7.Nf3 Qc7 8.a4 b6
9.Be2 Nbd7 10.Nd2 Bb7 11.Bc4 Be7 12.Qe2 O-O 13.O-O Nc5 14.f3 Ne6 15.Qf2 Nd4
16.Bb3 Rfd8 17.Kh1 d5 18.Nxd5 Nxd5 19.exd5 Bxd5 20.Bxd5 Rxd5 21.c3 Ne6 22.Nb3 Nc5
23.Nxc5 Bxc5 24.Bxc5 Qxc5 25.Qxc5 bxc5 26.Rfd1 Rad8 27.Rxd5 Rxd5 28.b4 cxb4
29.cxb4 f5 30.Kg1 Kf7 31.Kf1 Ke6 32.Ke2 g5 33.Rc1 Kd6 34.Rc4 h5 35.Rc8 Kd7
36.Rh8 h4 37.Rg8 Rd4 38.Rxg5 Rxb4 39.Rxf5 Ke6 40.Rf8 Rxa4 41.Kd3 Ra2 42.Rg8 h3
43.gxh3 Rxh2  1/2-1/2

[Event "Perla Baltyku Open 2012"]
[Site "Lazy POL"]
[Date "2012.07.01"]
[Round "2.2"]
[White "Weichhold,P"]
[Black "Bulski,K"]
[Result "1/2-1/2"]
[WhiteElo "2325"]
[BlackElo "2543"]

1.e4 c5 2.Nf3 d6 3.d4 cxd4 4.Nxd4 Nf6 5.Nc3 a6 6.Be3 e5 7.Nb3 Be7 8.h3 O-O
9.g4 Be6 10.Qf3 Nc6 11.O-O-O Nd7 12.Kb1 a5 13.a4 Nb4 14.Nd5 Bxd5 15.exd5 Bg5
16.h4 Bxe3 17.fxe3 Rc8 18.c3 Na6 19.Bd3 Nac5 20.Nxc5 Nxc5 21.Bc2 e4 22.Bxe4 Rb8
23.h5 b5 24.axb5 Rxb5 25.Rd4 a4 26.Rb4 Qb6 27.h6 Rxb4 28.cxb4 Qxb4 29.Bxh7+ Kxh7
30.hxg7+ Kxg7 31.Rh7+ Kg8 32.Rh8+ Kg7 33.Rh7+ Kg8 34.Rh8+ Kxh8 35.Qf6+ Kh7
36.Qf5+ Kg7 37.Qg5+ Kh7  1/2-1/2

[Event "7th Vladimir Dvorkovich Cup"]
[Site "Moscow RUS"]
[Date "2012.07.01"]
[Round "3.7"]
[White "Sanzhaev,D"]
[Black "Gajek,R"]
[Result "1-0"]
[WhiteElo "2292"]
[BlackElo "2203"]

1.e4 c5 2.Nf3 d6 3.d4 cxd4 4.Nxd4 Nf6 5.Nc3 a6 6.Be3 e6 7.f4 Nc6 8.Qf3 Qc7
9.O-O-O Bd7 10.Nb3 h5 11.Bd3 Rc8 12.Rhe1 Be7 13.Kb1 b5 14.h3 h4 15.Bg1 b4
16.Na4 Rb8 17.e5 dxe5 18.Nac5 Bc8 19.Bxa6 exf4 20.Bxc8 Rxc8 21.Na6 Qb7 22.Nbc5 Qb5
23.Qxf4 Nd5 24.Rxd5 exd5 25.Nc7+ Rxc7 26.Qxc7 O-O 27.Nb3 Bf6 28.Qf4 Na5 29.Bd4 Qc4
30.Nxa5 Qxd4 31.Qxd4 Bxd4 32.Nc6 Bc5 33.Ne7+ Kh7 34.Nxd5 Rd8 35.c4 bxc3 36.Nxc3 f5
37.Re5 Bf2 38.Rxf5 Bg3 39.Kc2 Re8 40.Rf1 g5 41.a4 Re5 42.Kd3 Bf4 43.Rf2 Re3+
44.Kc4 Kg6 45.Re2 g4 46.Nd5 Rxe2 47.Nxf4+ Kf5 48.Nxe2 gxh3 49.gxh3 Ke4 50.a5 Kf3
51.Nd4+ Kg3 52.a6 Kxh3 53.a7 Kh2 54.a8=Q Kg1 55.Qf3  1-0

[Event "7th Vladimir Dvorkovich Cup"]
[Site "Moscow RUS"]
[Date "2012.07.01"]
[Round "3.5"]
[White "Eliseev,U"]
[Black "Duda,J"]
[Result "1-0"]
[WhiteElo "2485"]
[BlackElo "2421"]

1.e4 c5 2.Nf3 d6 3.d4 cxd4 4.Nxd4 Nf6 5.Nc3 a6 6.Be3 e5 7.Nb3 Be6 8.Qd2 Nbd7
9.O-O-O b5 10.f4 Rc8 11.Kb1 Qc7 12.f5 Bc4 13.a3 Nb6 14.Bd3 Be7 15.Rhg1 d5
16.Bxb6 Qxb6 17.exd5 O-O 18.d6 Bxd6 19.Bxc4 bxc4 20.Qxd6 Rc6 21.Qxe5 cxb3
22.Qd4 bxc2+ 23.Kxc2 Qb5 24.Qd3 Qe5 25.g3 Ng4 26.Rge1 Qc5 27.Rd2 Rb6 28.h3 Nf6
29.g4 h6 30.Qd4 Qc7 31.Kb1 Rfb8 32.Ree2 Rb3 33.Ka2 Qb7 34.Qc4 Rb6 35.Na4 Rc6
36.Qd3 Rc1 37.Rd1 Rc7 38.Rde1 Rd7 39.Qc4 Rc7 40.Nc5 Qa7 41.Re5 Qb6 42.Qb3 Qa7
43.Qe3 Qb6 44.Re2 Qc6 45.Qd4 Rcc8 46.Qd3 a5 47.Qa6 Rb6 48.Qd3 Rbb8 49.Qc4 Qf3
50.Qd3 Qh1 51.Re1 Qg2 52.R1e2 Qh1 53.Re1 Qg2 54.R5e2 Qc6 55.Ne4 Nd5 56.Rd2 Rd8
57.Ka1 Nf4 58.Qxd8+ Rxd8 59.Rxd8+ Kh7 60.Nd6 Qd5 61.Rc1 a4 62.Rcc8 Qd1+ 63.Ka2 Qb3+
64.Kb1 Qd3+ 65.Ka2 Qb3+ 66.Kb1 Qd3+ 67.Rc2 Qd1+ 68.Rc1 Qd5 69.Nxf7 Qxf7 70.Rcc8 Ng6
71.Ka1 Qe7 72.fxg6+ Kxg6 73.Rc6+ Kh7 74.Rd3 Qf7 75.Rdc3 Qf1+ 76.Ka2 Qd1 77.R6c4 Qd5
78.Ka1 Qd1+ 79.Rc1 Qd2 80.Rb1 Qd7 81.Rbc1 h5 82.gxh5 Qxh3 83.Rxa4 Qxh5 84.Rg1 g6
85.Rag4 Kg7 86.Rxg6+ Kf7 87.Rg7+ Kf8 88.Rc7 Qd5 89.Rgc1 Qd2 90.R1c4 Qd1+
91.Ka2 Qd5 92.a4 Kg8 93.Rc5 Qe6 94.a5 Kf8 95.Rc8+ Kg7 96.Rc7+ Kg8 97.b3 Qe2+
98.Ka3 Qe1 99.R4c5 Qa1+ 100.Kb4 Qd4+ 101.Kb5 Qd3+ 102.Ka4 Kf8 103.Rc4 Qd1
104.a6 Qa1+ 105.Kb5 Qe5+ 106.R7c5 Qe3 107.Rc8+ Kg7 108.b4 Kg6 109.R8c6+ Kg5
110.R6c5+ Kg6 111.a7 Qe8+ 112.Ka5 Qd8+ 113.Ka6 Kg7 114.Rc7+ Kg6 115.Rc8 Qd1
116.a8=Q Qa1+ 117.Kb6 Qg1+ 118.R4c5 Qxc5+ 119.Kxc5  1-0

[Event "40th TCh-GRE 2012"]
[Site "Achaea GRE"]
[Date "2012.07.02"]
[Round "4.8"]
[White "Papadopoulos,Ni2"]
[Black "Gimnopoulos,L"]
[Result "1-0"]
[WhiteElo "2138"]
[BlackElo "2109"]

1.e4 c5 2.Nf3 d6 3.d4 cxd4 4.Nxd4 Nf6 5.Nc3 a6 6.Be3 e5 7.Nb3 Be6 8.f3 Be7
9.Qd2 Nbd7 10.O-O-O Qc7 11.g4 h6 12.h4 Nb6 13.Qf2 Nfd7 14.Kb1 Nc5 15.Nxc5 dxc5
16.Be2 Rd8 17.Rxd8+ Kxd8 18.Rd1+ Kc8 19.g5 hxg5 20.hxg5 Qc6 21.Qg3 Bd6 22.b3 g6
23.Qg2 Rd8 24.Qh2 Bc7 25.Rd3 Rxd3 26.cxd3 Bd6 27.Bf1 Kb8 28.Bh3 Qc8 29.Bxe6 Qxe6
30.Qh8+ Qc8 31.Qh7 Qe6 32.Qg8+ Ka7 33.b4 Qe7 34.a4 Qe6 35.Kb2 Nd7 36.Qd8 b6
37.Nd5 Bb8 38.a5 bxa5 39.bxc5 Kb7 40.Qxa5 Qc6 41.Nb4 Qb5 42.c6+ Kc8 43.cxd7+ Kxd7
44.Qxb5+ axb5 45.Kb3 Bd6 46.Nd5 Kc6 47.Bd2 Bc5 48.Bc3 Bd6 49.Ne3 Kd7 50.Ng4 Ke6
51.Bb2 Be7 52.Nxe5 Bxg5 53.d4 Bd2 54.Bc3  1-0

[Event "40th TCh-GRE 2012"]
[Site "Achaea GRE"]
[Date "2012.07.02"]
[Round "4.7"]
[White "Kazakos,E"]
[Black "Tsomis,D"]
[Result "0-1"]
[WhiteElo "2124"]
[BlackElo "2144"]

1.e4 c5 2.Nf3 d6 3.d4 cxd4 4.Nxd4 Nf6 5.Nc3 a6 6.Be3 Ng4 7.Bg5 h6 8.Bh4 g5
9.Bg3 Bg7 10.h3 Ne5 11.Nf5 Bxf5 12.exf5 Nbd7 13.Nd5 Nb6 14.f6 Bxf6 15.Nxf6+ exf6
16.Be2 Qc7 17.f4 gxf4 18.Bxf4 O-O-O 19.Qd4 Qc5 20.O-O-O Qxd4 21.Rxd4 Kc7
22.Rf1 Rde8 23.Bh5 Re6 24.b3 Nbd7 25.Bd2 b5 26.a4 Kc6 27.axb5+ axb5 28.Be2 d5
29.Rf2 Nc5 30.Rb4 Rb8 31.Bf4 Ne4 32.Rf3 Kc5 33.c3 Nxf3 34.Bxb8 Nxc3 35.Rg4 Nxe2+
36.Kd1 Ne5 37.Ba7+ Kc6 38.Rg8 Nc3+ 39.Kc2 Ne4 40.Rh8 f5 41.Bd4 Nd7 42.Rc8+ Kb7
43.Rd8 Kc7 44.Ra8 Nd6 45.Kd2 Rg6 46.Ra7+ Nb7 47.Ke3 Rxg2 48.Kf4 Rh2 49.Kg3 Rd2
50.Bg7 h5 51.Kh4 Rd3 52.b4 f6 53.Ra1 f4 54.Rf1 Nd6 55.Rxf4 Ne4 56.Rf5 Kd6
57.Rxh5 Nf2  0-1

[Event "7th Vladimir Dvorkovich Cup"]
[Site "Moscow RUS"]
[Date "2012.07.02"]
[Round "4.3"]
[White "Kanjaryan,V"]
[Black "Sadikhov,U"]
[Result "0-1"]
[WhiteElo "2116"]
[BlackElo "2120"]

1.e4 c5 2.Nf3 d6 3.d4 cxd4 4.Nxd4 Nf6 5.Nc3 a6 6.Be3 e6 7.Be2 Be7 8.O-O O-O
9.f4 Qc7 10.a4 Nc6 11.a5 Nxa5 12.e5 dxe5 13.fxe5 Nd7 14.Kh1 Nc4 15.Bxc4 Qxc4
16.Qh5 g6 17.Qh6 Nxe5 18.Rf4 Qc7 19.Nf3 Nxf3 20.Rxf3 Qe5 21.Rh3 Qh8 22.Rf1 f6
23.Rh4 Bd7 24.Ne4 Rac8 25.Bd4 e5 26.Bc3 Qg7 27.Qd2 Be6 28.Ng3 f5 29.Ra4 Bf6
30.Qd6 Qd7 31.Qa3 Qc6 32.Ra5 Bd5 33.Rf2 Rfd8 34.h3 f4 35.Nf1 b6 36.Rxa6 Bh4
37.Ra7 Qe6 38.Be1 Bxf2 39.Bxf2 Rxc2 40.Re7 Qf5 41.Qa7 Qxh3+  0-1

[Event "NIKI Open 2012"]
[Site "Nachod CZE"]
[Date "2012.07.02"]
[Round "3.2"]
[White "Krejci,Jan2"]
[Black "Cechura,P"]
[Result "1-0"]
[WhiteElo "2476"]
[BlackElo "2204"]

1.e4 c5 2.Nf3 d6 3.d4 cxd4 4.Nxd4 Nf6 5.Nc3 a6 6.Be3 e5 7.Nf3 Qc7 8.a4 Be6
9.g3 Be7 10.Bg2 Nbd7 11.O-O O-O 12.Bg5 Rac8 13.Re1 Nb6 14.Bxf6 Bxf6 15.a5 Nc4
16.Nd5 Bxd5 17.Qxd5 Nxb2 18.Reb1 Qxc2 19.Ne1 Qc3 20.Bf1 Qd4 21.Qxd4 exd4
22.Rxb2 d3 23.Nxd3 Bxb2 24.Nxb2 Rc5 25.Bc4 Rb8 26.Bd5 b6 27.axb6 Rxb6 28.Nc4 Rb4
29.Rxa6 g6 30.Nxd6 Rb2 31.Ra8+ Kg7 32.Ra7  1-0

[Event "Perla Baltyku Open 2012"]
[Site "Lazy POL"]
[Date "2012.07.03"]
[Round "4.18"]
[White "Smieszek,W"]
[Black "Jarmula,L"]
[Result "0-1"]
[WhiteElo "1809"]
[BlackElo "2050"]

1.e4 c5 2.Nf3 d6 3.d4 cxd4 4.Nxd4 Nf6 5.Nc3 a6 6.Be3 e5 7.Nf3 Qc7 8.a4 Be7
9.Be2 O-O 10.O-O b6 11.Bg5 Nbd7 12.Nd2 Bb7 13.Nc4 h6 14.Bxf6 Nxf6 15.f3 b5
16.axb5 axb5 17.Rxa8 Rxa8 18.Ne3 Qc5 19.Qd2 b4 20.Nd1 d5 21.exd5 Nxd5 22.Bd3 Bg5
23.Re1 Ra1 24.Kf2 Rxd1 25.Qxd1 Nxe3 26.Qe2 Ng4+  0-1

[Event "40th TCh-GRE 2012"]
[Site "Achaea GRE"]
[Date "2012.07.04"]
[Round "6.16"]
[White "Makka,I"]
[Black "Papakonstantinou,Di2"]
[Result "1-0"]
[WhiteElo "2149"]
[BlackElo "1804"]

1.e4 c5 2.Nf3 d6 3.d4 cxd4 4.Nxd4 Nf6 5.Nc3 a6 6.Be3 e5 7.Nf3 Qc7 8.a4 Be7
9.a5 Nbd7 10.Nd2 O-O 11.Nc4 Rb8 12.Be2 Nc5 13.f3 Be6 14.Nb6 Ncd7 15.Ncd5 Bxd5
16.exd5 Nxb6 17.axb6 Qd7 18.O-O Nh5 19.Qd2 f5 20.c4 Nf6 21.Bd3 Rbc8 22.b4 Kh8
23.Qa2 e4 24.fxe4 fxe4 25.Be2 h6 26.Qa4 Rfd8 27.Qd1 Qe8 28.Rf4 Qg6 29.Ra3 Nd7
30.Bd4 Ne5 31.Rg3 Qh7 32.Qb3 Bf6 33.Kh1 Rf8 34.Bg1 Nd7 35.Bg4 g5 36.Rxf6 Rxf6
37.Bd4 Rf8 38.Bxd7 Qxd7 39.h3 Kh7 40.Bxf6 Rxf6 41.Rg4 Qe7 42.Qb1 Rf4 43.Rxf4 gxf4
44.c5 dxc5 45.bxc5 Qxc5 46.Qxe4+ Kg7 47.Qe5+ Kg6 48.Qe6+ Kg7 49.Qd7+ Kg6
50.Qg4+ Kh7 51.Qf5+ Kg7 52.Qd7+ Kg6 53.Qxb7 Qa5 54.Qc6+ Kf7 55.Qe6+ Kf8 56.b7 Qb4
57.Qc8+ Kf7 58.Kh2 Qb3 59.Qc7+ Kg6 60.Qd6+ Kg7 61.Qe7+ Kg6 62.Qe8+ Kg7 63.b8=Q  1-0

[Event "Perla Baltyku Open 2012"]
[Site "Lazy POL"]
[Date "2012.07.07"]
[Round "8.3"]
[White "Weichhold,P"]
[Black "Aliavdin,N"]
[Result "1-0"]
[WhiteElo "2325"]
[BlackElo "2382"]

1.e4 c5 2.Nf3 d6 3.d4 cxd4 4.Nxd4 Nf6 5.Nc3 a6 6.Be3 e6 7.f3 b5 8.Qd2 Nbd7
9.g4 h6 10.h4 Bb7 11.O-O-O b4 12.Na4 Qa5 13.b3 Nc5 14.a3 Rc8 15.Qxb4 Qc7
16.Nxc5 dxc5 17.Qa4+ Nd7 18.Ne2 c4 19.Bf4 Qc6 20.Kb2 Qxa4 21.bxa4 Be7 22.Bd6 Bf6+
23.Ka2 Bc6 24.a5 Ba4 25.Rc1 c3 26.f4 Nc5 27.e5 Be7 28.Bxe7 Kxe7 29.Nxc3 Bc6
30.Rh2 Rhd8 31.Rf2 Rd4 32.Rb1  1-0

[Event "Int Open ch-SVK 2012"]
[Site "Banska Stiavnica SVK"]
[Date "2012.07.08"]
[Round "2.4"]
[White "Kukel,I jr"]
[Black "Ftacnik,L"]
[Result "0-1"]
[WhiteElo "2291"]
[BlackElo "2516"]

1.e4 c5 2.Nf3 d6 3.d4 cxd4 4.Nxd4 Nf6 5.Nc3 a6 6.Be3 e5 7.Nb3 Be7 8.f3 Be6
9.Qd2 O-O 10.O-O-O a5 11.Kb1 a4 12.Nc1 a3 13.b3 Ra5 14.Bc4 Nbd7 15.Nd5 Nxd5
16.exd5 Bf5 17.g4 Bg6 18.h4 h5 19.Ne2 Nf6 20.Ng3 b5 21.Bd3 Bxd3 22.Qxd3 b4
23.Qc4 Qa8 24.Nf5 Re8 25.gxh5 Bf8 26.Rhg1 Kh8 27.Qxb4 Rxd5 28.Rxd5 Qxd5 29.h6 g6
30.Bg5 Nh5 31.Qg4 e4 32.Ne3 Qd4 33.Nd1 f5 34.Qg2 exf3 35.Qf1 f4 36.Rh1 Ng3
37.Qxf3 Nxh1 38.Qxh1 Re2  0-1